000 00584nam a22002052 4500
001 0000004255
005 20151217145801.0
008 070521s xx 000 0 eng d
020 _a0387942033 :
_cGBP 36.00
040 _aKABU
_cKABU
050 0 _aQA871
_b.H65
100 1 _aHolmes, Mark H.
_@0000154727
245 1 0 _aIntroduction to perturbation methods.
260 _aNew York :
_bSpringer-Verlag,
_c1995.
300 _axiii, 337 p.
650 0 _aPerturbation (Mathematics)
_@0000147987
908 _a070521
950 _@1
999 _c2572
_d2572